000
00226 a2200097 4500
001
46888
100
_a
Dickson P
245
_a
The electronic battle field
260
_a
Blooming
_b
Indiana university
_c
090
_c
29973
_d
29973
942
_a
NUST-CAE
_c
M
_c
22194
999
_c
281961
_d
281961